Clasificación y toxicología de plaguicidas / (Registro nro. 1026)

Detalles MARC
000 -LEADER
fixed length control field 01429nam a2200349 a 4500
008 - CAMPO DE CONTROL (LIBRO)
fixed length control field 120322s2011 ag ||||f |||| 001 0 spa d
020 ## - INTERNATIONAL STANDARD BOOK NUMBER
ISBN 9789876041546
041 ## - CODIGO DE IDIOMA
Código de idioma del texto/pista de sonido o título separado spa
092 ## - SIGNATURA TOPOGRAFICA DEWEY LOCAL
número de clasificación 632.907
libristica 2
sección ANG
245 ## - TITULO PROPIAMENTE DICHO
Título Clasificación y toxicología de plaguicidas /
Mención de responsabilidad y remanente de la transcripción de la portada Olga Liliana Anguiano
250 ## - MENCION DE EDICION
Mención de edición 1a ed.
Mención de responsabilidad relacionada con la ed. Revisores Susana Isabel García; Raúl Alsogaray; Edda Villamil; Carina Apartin; Damián Marino y Mirta Elena Ryczel
260 ## - PIE DE IMPRENTA
Lugar de publicación, distribución, etc Neuquén [Neuquén ; Argentina]:
Nombre de la editorial, distribuidor, etc EDUCO;
Fecha de publicación 2011.
300 ## - DESCRIPCION FISICA
Extension 390 p.
Otros detalles físicos il.
Dimensiones 24x17 cm.
500 ## - NOTA GENERAL
Nota general Anguiano, O. L. et al. (2011). Clasificación y toxicología de plaguicidas. (1a ed.). Neuquén : EDUCO.
590 ## - NOTAS LOCALES (RLIN)
Nota local Donación autoras, Marzo 2012
653 ## - TÉRMINO INDIZADO - PALABRAS CLAVES
Palabra clave Principios básicos de toxicología
653 ## - TÉRMINO INDIZADO - PALABRAS CLAVES
Palabra clave Clasificación de plaguicidas
653 ## - TÉRMINO INDIZADO - PALABRAS CLAVES
Palabra clave Modo de acción de plaguicidas
653 ## - TÉRMINO INDIZADO - PALABRAS CLAVES
Palabra clave Dinámica ambiental de plaguicidas
653 ## - TÉRMINO INDIZADO - PALABRAS CLAVES
Palabra clave Efectos adversos de los plaguicidas en organismos no blanco
653 ## - TÉRMINO INDIZADO - PALABRAS CLAVES
Palabra clave Resistencia a insecticidas
700 1# - ENTRADAS SECUNDARIAS - NOMBRE PERSONAL
Nombre personal Anguiano, Olga Liliana
9 (RLIN) 1665
700 1# - ENTRADAS SECUNDARIAS - NOMBRE PERSONAL
Nombre personal Montagna, Cristina Mónica
9 (RLIN) 1666
700 1# - ENTRADAS SECUNDARIAS - NOMBRE PERSONAL
Nombre personal Ferrari, Ana
9 (RLIN) 1667
700 1# - ENTRADAS SECUNDARIAS - NOMBRE PERSONAL
Nombre personal Soleño, Jimena
9 (RLIN) 1668
700 1# - ENTRADAS SECUNDARIAS - NOMBRE PERSONAL
Nombre personal Lascano, Cecilia Inés
9 (RLIN) 1669
700 1# - ENTRADAS SECUNDARIAS - NOMBRE PERSONAL
Nombre personal Loewy, Miriam Ruth
9 (RLIN) 1670
700 1# - ENTRADAS SECUNDARIAS - NOMBRE PERSONAL
Nombre personal Pechen de D'Angelo, Ana María
9 (RLIN) 1671
700 1# - ENTRADAS SECUNDARIAS - NOMBRE PERSONAL
Nombre personal Magnarelli, Gladis Griselda
9 (RLIN) 1672
700 1# - ENTRADAS SECUNDARIAS - NOMBRE PERSONAL
Nombre personal Rovedatti, María Gabriela
9 (RLIN) 1673
942 ## - ADDED ENTRY ELEMENTS (KOHA)
Source of classification or shelving scheme Dewey Decimal Classification
Item type Libros
Existencias
Estado de retiro Existencia Fuente de clasificación Estado general No para prestamo Ubicación permanente ubicación actual Sala de ubicación Fecha de adquisición Total Checkouts Número de clasificación Código de barras Date last seen Número de ejemplar Price effective from Koha tipo de elemento (item) Public note Coded location qualifier Date last borrowed Colección Fuente de adquisición
    Dewey Decimal Classification     Biblioteca Medicina Biblioteca Medicina Circulación 22/03/2012   632.907 2 ANG 2481 06/11/2014 ej.1 22/03/2012 Libros Sede Tordos.        
    Dewey Decimal Classification     Biblioteca Medicina Biblioteca Medicina Circulación 22/03/2012 1 632.907 2 ANG 2482 06/11/2014 ej.2 22/03/2012 Libros Sede Tordos.   29/10/2012    
    Dewey Decimal Classification     Biblioteca Medicina Biblioteca Medicina Circulación 03/10/2012 2 632.907 2 ANG 2621 15/06/2015 ej. 3 03/10/2012 Libros Donacion Dra. Gladis Magnarelli. Sede Tordos.   12/06/2015 Non-fiction Donacion Dra. Gladis Magnarelli Octubre 2012

UNIVERSIDAD NACIONAL DEL COMAHUE
Biblioteca de la Facultad de Ciencias Médicas
Sede Toschi: Los Arrayanes y Av. Toschi, Cipolletti  - Rio Negro
Sede Los Tordos:  Yrigoyen al 2211, Cipolletti - Rio Negro 

Teléfono: 0299 - 4774707 int 25
Contacto: biblioteca@facimed.uncoma.edu.ar
© 2011 - 2026